=LDR 00000nam 2200000 4500 =001 INLIS000000000034687 =005 20130612140601 =008 ***********************************ind** =035 ##$$0010-061300000034687 =041 ##$$a ind =082 ##$$a 813 =090 ##$$a 813, Sai p =100 ##$$a Saini Km =245 ##$$a Pertarungan terakhir, Saini Km;Penyunting, imam Risdiyanto =260 ##$$a 2008 $b Yogyakarta =300 ##$$a 381 hlm, 20 cm =650 ##$$a Fiksi Indonesia =700 ##$$a Risdiyanto, Imam =850 ##$$a NBPNMAT =990 ##$$a 21400613/BPAP-NTB/20142014 =990 ##$$a 0001/BPAP-NTB/20142014 =990 ##$$a 0001/BPAP-NTB/20142015 =990 ##$$a 0001/BPAP-NTB/2015 =990 ##$$a 0001/BPAP-NTB/2016 =990 ##$$a 0001/BPAP-NTB/2016